00162 a2200073 450000100060000010000050000624500400001126000370005155646 a aFangs of Ice ; the story of siachen aRawalpindibpak P.E.N Pubsc1991